El lobo estepario. El juego de los abalorios. Cuentos (1927-1953) /

Guardado en:
Autor Principal: Hesse, Hermann.
Otros Autores: Luque, Mariano S.; trad., Manzanares, Manuel; trad., Olasagasti, Manuel; trad.
Formato: Libro
Idioma:Undetermined
Publicado: Barcelona : Seix Barral, 1985.
Series:Summa literaria ; 3
Materias:
Etiquetas: Agregar Etiqueta
Sin Etiquetas, Sea el primero en etiquetar este registro!
LEADER 01538nam a22002295a 4500
001 CEM.cems024599
008 250519s1985####sp############000#0#und#d
005 20250519191224.0
245 1 0 |a El lobo estepario. El juego de los abalorios. Cuentos (1927-1953) /  |c Hermann Hesse. 
260 |a Barcelona :  |b Seix Barral,  |c 1985. 
300 |a 609 p. 
490 1 |a Summa literaria ;  |v 3 
505 0 |a EL LOBO ESTEPARIO -- Introducción -- Anotaciones de Harry Haller -- Tractat del lobo estepario -- Siguen las anotaciones de Harry Haller -- EL JUEGO DE LOS ABALORIOS -- Introducción -- Biografía de Magister Ludi José Knecht -- La vocación -- Waldzell -- Años de estudio -- Dos órdenes -- La misión -- Magister Ludi -- En el cargo -- Los dos polos -- Una conversación -- Preparativos -- La circular -- El escrito de Magister Ludi a las autoridades de educación -- La leyenda -- Lo que dejó escrito José Knecht -- Poesías de juventud -- El hacedor de la lluvia -- El confesor -- El hindú -- CUENTOS -- Entre los masagetas -- Una velada en casa del doctor Fausto -- Sobre el lobo estepario -- Parodia suaba -- Edmund -- El señor Claassen -- La clase interrumpida -- El mendigo -- El pequeño limpiachimeneas 
020 |a 8432224073 
100 1 |a Hesse, Hermann. 
700 1 |a Luque, Mariano S.; trad. 
700 1 |a Manzanares, Manuel; trad. 
700 1 |a Olasagasti, Manuel; trad. 
653 |a Literatura alemana 
653 |a Cuento alemán 
653 |a Novela alemana 
859 |a CEMS  |b BIB. CEMS - 11 de abril  |h 833.9  |i H463-5  |p 29855.25  |t Ej.1